Composition practice : A text for English language learners

This classic, step-by-step approach emphasizes the fundamentals of great composition writing. Students develop writing skills to prepare them to make the transition from use of simple prose to more linguistically sophisticated and complex discourse.

Na minha lista:
Detalhes bibliográficos
Autor principal: Blanton, Linda Lonon
Formato: Livro
Idioma:Undetermined
Publicado em: Boston, MA. Thomson/Heine 2001
Assuntos:
Tags: Adicionar Tag
Sem tags, seja o primeiro a adicionar uma tag!
Thư viện lưu trữ: Trung tâm Học liệu Trường Đại học Cần Thơ
LEADER 00911nam a2200229Ia 4500
001 CTU_123365
008 210402s9999 xx 000 0 und d
020 |c 117000 
082 |a 808.042 
082 |b B643/T4 
100 |a Blanton, Linda Lonon 
245 0 |a Composition practice : 
245 2 |b A text for English language learners 
245 0 |c Linda Lonon Blanton 
260 |a Boston, MA. 
260 |b Thomson/Heine 
260 |c 2001 
520 |a This classic, step-by-step approach emphasizes the fundamentals of great composition writing. Students develop writing skills to prepare them to make the transition from use of simple prose to more linguistically sophisticated and complex discourse. 
650 |a English language,English language 
650 |x Textbooks for foreign speakers,Composition and exercises. 
904 |i Minh 
980 |a Trung tâm Học liệu Trường Đại học Cần Thơ